000 00424nam a2200181Ia 4500
001 10034
005 20260306161802.0
008 260306t2000||||xx |||||||||||||| ||spa||
041 _aESP
082 _aPE 869.568
_bV19 T. 2
100 _aSilva Santisteban, Ricardo (ed.)
_eAUT
245 0 _aValdelomar texto impreso
260 _c2000
300 _a
_c
650 _aGEN
654 _aCHU
942 _cLIB
_dJUS
_fJUS
_2ddc
_n
999 _c10034
_d10034